000 00467nam a2200169Ia 4500
008 230711s9999||||xx |||||||||||||| ||und||
020 _a978-81-7409-232-3
041 _aENG
082 _a621.317
_bRA-S
100 _aRao,Sunil S
245 0 _aSwitchgear protection and power systems : Theory ,practice & solved problems
250 _a7th Ed.
260 _c2015
_aNew Delhi
_bKhanna Publishers
300 _a1339p.
650 _aElectrical Engineering
942 _cBK
999 _c6283
_d6283